000 00472nam a2200193 a 4500
005 20140310183343.0
008 070110s19uu xx 00 eng d
020 _a981-247-047-6
050 _aBF 161
_b.P55 2003
100 _aPinel, John P.
245 _aBiopsychology.
250 _a5th ed.
260 _aSingapore :
_bPearson.
300 _a576 p. :
_bill. ;
_c28 cm.
521 _aPSYCH
650 _aPsychobiology.
942 _cBK
_2lcc
_kFOR
999 _c21879
_d21879